| 000 | 00531nam a2200169 4500 | ||
|---|---|---|---|
| 003 | DO-SdBNP | ||
| 005 | 20180209100208.0 | ||
| 008 | 180209b1996 xx 00| 0 spa d | ||
| 020 | _a0471133930 | ||
| 040 |
_8 _aBPMSU _bspa _cBPMSU |
||
| 100 | _aDamodaran, Aswath. | ||
| 245 |
_aInvestment valuation : _btools and techniques for determining the value of any asset / _cAswath Damodaran |
||
| 260 |
_aN.J. : _bWiley, _c2012 |
||
| 942 |
_2ddc _cBK |
||
| 945 | _aInventariado extranjero / 2018 VM | ||
| 956 |
_2 _aVMATEO _b10 _c20180209 _dBPMSU _f0069 |
||
| 999 |
_c13276 _d13276 |
||